Clone x environment interaction in early growth phase of Hevea brasiliensis: Cluster analysis based on G and GE effects (Record no. 55762)

MARC details
000 -LEADER
fixed length control field 00533nam a2200157Ia 4500
100 ## - MAIN ENTRY--AUTHOR NAME
Personal name Meenattoor J R
245 #0 - TITLE STATEMENT
Title Clone x environment interaction in early growth phase of Hevea brasiliensis: Cluster analysis based on G and GE effects
260 ## - PUBLICATION, DISTRIBUTION, ETC. (IMPRINT)
Name of publisher International Natural Rubber Conference, 5-8 February 1992, Bangalore, India
Year of publication 1992
700 ## - ADDED ENTRY--PERSONAL NAME
Personal name Krishnakumar A K
700 ## - ADDED ENTRY--PERSONAL NAME
Personal name Potty S N
700 ## - ADDED ENTRY--PERSONAL NAME
Personal name Sethuraj M R
700 ## - ADDED ENTRY--PERSONAL NAME
Personal name Sinha R R
700 ## - ADDED ENTRY--PERSONAL NAME
Personal name Vinod K K
942 ## - ADDED ENTRY ELEMENTS (KOHA)
Koha item type Journals
Holdings
Withdrawn status Lost status Damaged status Not for loan Home library Current library Date acquired Koha item type
      Journals RRII Library RRII Library 17/12/2021 Journals